| 000 | 00319nam a22001217a 4500 | ||
|---|---|---|---|
| 020 | _a0-85229-163-9 | ||
| 082 | _a030 GRE'H | ||
| 100 |
_aHUTCHINS, ROBERT M _976481 |
||
| 245 | _aTHE GREAT CONVERSATION, THE SUBSTANCE OF A LIBERAL EDUCATION | ||
| 250 | _aVOL-1 | ||
| 260 |
_aCHICAGO _bWILLIAM BENTON _c1952 |
||
| 942 | _cBK | ||
| 999 |
_c582556 _d582556 |
||